000
00230nam a22000857a 4500
008
160702b xxu||||| |||| 00| 0 eng d
100
_9
1889
_a
Mohindroo.k et.al
245
_a
Empowering Science Class IX
260
_a
New Delhi
_b
P.P..C
_c
2011
999
_c
1593
_d
1593